000 00457cam a2200181 a 4500
020 _a0262022826 :
020 _a0262521504 (pbk)
040 _cDLC
082 0 _a382 MIT 1988 A066 Or.
100 1 _aBhagwati, Jagdish N.,
245 1 0 _aProtectionism /
260 0 _aCambridge, Mass. :
_bMIT Press,
_cc1988.
300 _axiii, 147 p. :
_bill. ;
_c21 cm.
500 _aIncludes indexes.
650 0 _aFree trade
650 0 _aProtectionism
942 _cEK
999 _c14193
_d14193